CHP iktidarında gençlik (Record no. 1084)

MARC details
000 -BAŞLIK
Sabit Uzunlukta Kontrol Alanı 01557na a2200397 4500
001 - KONTROL NUMARASI
Denetim Alanı 22684
003 - KONTROL NUMARASI IDENTIFIER
Denetim Alanı MIRAKIL
005 - SON İŞLEM TARİHİ VE ZAMANI
Denetim Alanı 20181213154811.0
008 - SABİT-BOY VERİ ELEMANLARI - GENEL BİLGİLER
Sabit Uzunlukta Kontrol Alanı 170223b tu 000 0
040 ## - KATALOGLAMA KAYNAK
Orijinal Kataloglama Ajansı Milas
Kataloglama Dili tur
Metne Dönüştürmek Ajansı TR-AnCHP
041 ## - DİL KODU
Metin / Ses Parça Veya Ayrı Başlığın Dil Kodu tur
082 ## - DEWEY ONLU SINIFLANDIRMA NUMARASI
Sınıflandırma Numarası CHP 305.242
Ürün Numarası C36g 1999/01
090 ## - SINIFLAMA NUMARASI
Sınıflama Numarası CHP 305.242 C36g 1999/01
091 ## - MICROFILM RAF YER (AM) [OBSOLETE]
Mikrofilm Raf Yeri GENÇLİK 1
110 ## - ANA GİRİŞ - KURUMSAL ADI
Giriş Elemanı Olarak Kurumsal Ad Veya Yargı Alanı Adı Cumhuriyet Halk Partisi (CHP)
Alt Birim Merkez Yönetim Kurulu (MYK)
-- Somut Politikalar Çalışma Grubu
222 ## - ANAHTAR ADI
Anahtar Başlık Gençlik raporları
245 ## - BAŞLIK TABLOSU
Başlık CHP iktidarında gençlik
Başlığın Kalan Ocak 1999
Sorumluluk Tablosu, Vb Cumhuriyet Halk Partisi Merkez Yönetim Kurulu Somut Politikalar Çalışma Grubu
246 ## - UNVAN FORM VARYING
Başlık Doğru / Kısa Başlığı Gençlik raporu, 1999
246 ## - UNVAN FORM VARYING
Başlık Doğru / Kısa Başlığı Gençlik ön raporu, 1999
260 ## - YAYIN, DAĞITIM, VB
Yayın, Dağıtım, Vb Yeri Ankara
Yayıncı, Dağıtıcı, Vs Adı CHP
Yayın, Dağıtım, Vb Tarihi Ocak 1999
300 ## - FİZİKSEL TANIM
Kapsam 28 s.
Boyutlar 30 sm.
440 ## - SERİSİ TABLOSU / KATMA GİRİŞİ - BAŞLIK
Başlık Cumhuriyet Halk Partisi yayınları
Bir İşin Parçası / Bölümün İsmi Raporlar
490 ## - SERİSİ TABLOSU
Seri Beyanı Somut Politikalar Çalışma Grubu
Hacim / Ardışık Tanımı 24
500 ## - GENEL NOT
Genel Not Yerel numaradaki sayılar, ayları temsil eder : Ocak -1 ; Şubat - 2 ; Mart - 3 ; Nisan - 4 ; Mayıs - 5; Haziran - 6 ; Temmuz - 7; Ağustos - 8; Eylül - 9; Ekim - 10; Kasım - 11 ; Aralık - 12.
500 ## - GENEL NOT
Genel Not Başka yapıt adı : Gençlik -- son taslak
610 ## - KONU KATMA GİRİŞ - TOPLANTI ADI
Giriş Elemanı Olarak Kurumsal Ad Veya Yargı Alanı Adı CHP
Genel Alt Bölüm Gençlik
Kronolojik Alt Bölüm Ön raporlar
610 ## - KONU KATMA GİRİŞ - TOPLANTI ADI
Giriş Elemanı Olarak Kurumsal Ad Veya Yargı Alanı Adı CHP
Genel Alt Bölüm Gençlik sorunları
Kronolojik Alt Bölüm Çözüm önerileri
610 ## - KONU KATMA GİRİŞ - TOPLANTI ADI
Giriş Elemanı Olarak Kurumsal Ad Veya Yargı Alanı Adı CHP
Genel Alt Bölüm Programlar
Kronolojik Alt Bölüm Gençlik
650 ## - KONU KATMA GİRİŞ - TOPİKAL DÖNEM
Topikal Süreli Veya Coğrafi Ad Giriş Elemanı Gençlik
Genel Alt Bölümü Raporlar
Coğrafi Alt Bölümü Türkiye
740 ## - KATMA GİRİŞ - KONTROLSUZ İLGİLİ / ANALİTİK BAŞLIK
Kontrol Edilmeyen / İlgili Analitik Başlıktaki Gençlik -- son taslak
740 ## - KATMA GİRİŞ - KONTROLSUZ İLGİLİ / ANALİTİK BAŞLIK
Kontrol Edilmeyen / İlgili Analitik Başlıktaki CHP gençlik raporları
740 ## - KATMA GİRİŞ - KONTROLSUZ İLGİLİ / ANALİTİK BAŞLIK
Kontrol Edilmeyen / İlgili Analitik Başlıktaki CHP gençlik raporu
830 ## - SERİSİ EKLENDİ GİRİŞ - ÜNİFORM ADI
Üniforma Başlık CHP raporları
942 ## - EKLENDİ GİRİŞ ELEMANLARI (KOHA)
Sınıflandırma Veya Raf Düzeni Kaynak Dewey Decimal Classification
Koha Öğesi Türü Books
999 ## - SİSTEM KONTROL NUMARALARI (KOHA)
Koha Biblionumber 1084
Koha Biblioitemnumber 1084
Holdings
Kalıcı Konum Mevcut Konum Edinme Tarihi Edinim Kaynak Toplam Check-Out'Lar Tam Çağrı Numarası Barkod Tarih Son Görülme İtibaren Geçerli Fiyatlar Sigara Kamu Notu Koha Öğesi Türü
ARŞİV ARŞİV 02/23/2017 Bağış   CHP 305.242 C36g 1999/01 016288 02/23/2017 02/23/2017 Bilgisayar çıktısı Books